000 00629nam a2200229Ia 4500
003 OSt
005 20220928115654.0
006 a|||||r|||| 00| 0
007 ta
008 220927b |||||||| |||| 00| 0 eng d
024 _a131856
037 _cTextual
040 _aSDCL
_cSDCL
_beng
041 _2eng
_aeng
082 _aR3xM46, N9
100 _aFerreira Phillip
_9445459
245 0 _aBradley and the structure of knowledge.
260 _aNew York
_b State University of New Press
_c1999
300 _axi,301p
_ccm.
942 _hR3xM46, N9
_cTEXL
_2CC
999 _c760398
_d760398